| 000 | 00800nam a2200265Ia 4500 | ||
|---|---|---|---|
| 003 | OSt | ||
| 005 | 20221006143738.0 | ||
| 006 | a|||||r|||| 00| 0 | ||
| 007 | ta | ||
| 008 | 221006b |||||||| |||| 00| 0 eng d | ||
| 020 | _cP16.52 | ||
| 024 | _a9,832 | ||
| 037 | _cTextual | ||
| 040 |
_aEASL _cEASL _beng |
||
| 041 |
_2eng _aeng |
||
| 082 | _aX8(F):2.1(Y:4).N81, M3 | ||
| 100 |
_aCHUDNOVSKY Daniel _9277299 |
||
| 245 | 0 |
_aCapital goods production in the third world _b An economic study of technology acquisition |
|
| 260 |
_aLondon _bFrances Pinter (Publishers) _c1983 |
||
| 300 |
_a232p. _ccm. |
||
| 490 | _v Oth | ||
| 700 |
_a NAGAO Masafumi _9280895 |
||
| 942 |
_hX8(F):2.1(Y:4).N81, M3 _cTEXL _2CC |
||
| 999 |
_c1077918 _d1077918 |
||